Music Quiz

Random Music Quiz

Gilbert and Sullivan Male Romantic Leads Quiz Stats

 Plays Quiz not verified by Sporcle

Also try: Bon Jovi Albums
Challenge
Share
Tweet
Embed
Score 0/13 Timer 10:00
0 Plays Today
Operetta Male Romantic Lead % Correct
Pirates of PenzanceFrederic
86.7%
The MikadoNanki Poo
85.7%
H.M.S. PinaforeRalph Rackstraw
73.5%
IolantheStrephon
71.4%
The SorcererAlexis
67.3%
Princess IdaPrince Hilarion
60.2%
RuddigoreSir Ruthven Murgatroyd
53.1%
PatienceArchibald Grosvenor
51%
The Yeomen of the GuardJack Point
50%
The GondoliersLuiz
46.9%
Trial By JuryLearned Judge
44.9%
Utopia, LimitedCaptain Fitzbattleaxe
37.8%
The Grand DukeLudwig
30.6%

You're not logged in!

Compare scores with friends on all Sporcle quizzes.
Join for Free
OR
Log In

You Might Also Like...

Show Comments

Extras

Top Quizzes Today


Score Distribution

Your Account Isn't Verified!

In order to create a playlist on Sporcle, you need to verify the email address you used during registration. Go to your Sporcle Settings to finish the process.

Report this User

Report this user for behavior that violates our Community Guidelines.

Details: